Statistics for Polish-Speaking Countries

Click here to take the quiz!

General Stats

  • This quiz has been taken 2,085 times
    (2,053 since last reset)
  • The average score is 10 of 13

Answer Stats

Answer% Correct
Germany
92%
Poland
92%
Russia
88%
United Kingdom
87%
United States
85%
Ukraine
84%
Belarus
81%
Slovakia
80%
Lithuania
79%
Czech Republic
56%
Canada
55%
Australia
51%
Brazil
45%

Score Distribution

Percentile by Number Answered

Percent of People with Each Score

Your Score History

You have not taken this quiz since the last reset